Legislación marítima y pesquera vigente de Chile

-д хадгалсан:
Номзүйн дэлгэрэнгүй
Байгууллагын зохиогч: Comisión Permanente del Pacífico Sur: Chile - Ecuador - Perú (Зохиогч)
Формат: Ном
Хэл сонгох:испани
Хэвлэсэн: Quito Secretaría General 1972
Нөхцлүүд:
Шошгууд: Шошго нэмэх
Шошго байхгүй, Энэхүү баримтыг шошголох эхний хүн болох!

MARC

LEADER 00000nam a2200000 a 4500
001 UCT9125
003 CL-VaPUC
008 970404e19720700EC |||||||||||||||||spa|d
082 0 4 |a 343.096  |b COM  |2 21 
110 2 |a Comisión Permanente del Pacífico Sur: Chile - Ecuador - Perú  |e author  |9 381523 
245 1 0 |a Legislación marítima y pesquera vigente de Chile 
300 |a 159 p 
942 |c BK 
945 |d 19970404 00:00:00  |a cmena 
260 |a Quito  |b Secretaría General  |c 1972 
650 0 |a Derecho marítimo  |9 255301 
650 0 |a Pesca  |9 258707 
650 0 |a Derecho y legislación   |9 255077 
650 7 |a DERECHOS DE PESCA  |2 CL-VaPUC  |9 345789 
650 0 |a Recursos marinos  |9 261196 
651 7 |a CHILE  |2 CL-VaPUC  |9 381524 
583 |a last modification  |c 19970404 00:00:00  |k Rodrigo Vera 
999 |c 257548  |d 257546 
952 |0 0  |1 0  |4 0  |6 343_096000000000000_COM_1972  |7 0  |8 A  |9 281070  |a BIBDER  |b BIBDER  |d 2019-11-19  |i 1823094  |o 343.096 COM 1972  |p 1823094  |r 2023-01-25  |w 2019-11-19  |y BK  |k DER 
952 |0 0  |1 0  |2 ddc  |4 0  |6 343_096000000000000_COM_1972  |7 0  |8 CCM  |9 281072  |a BIBCUR  |b BIBCUR  |c PAC  |d 2019-11-19  |i 1975730  |o 343.096 COM 1972  |p 1975730  |r 2025-04-22  |w 2019-11-19  |y BK  |k CIM